[Event "ODJM C 2023"]
[Site "Willingen GER"]
[Date "2023.05.31"]
[Round "6"]
[White "Hierl, Andreas"]
[Black "Wilke, Ronja"]
[Result "1-0"]
[Termination "normal"]
[Board "10"]
[WhiteElo "1236"]
[BlackElo "1145"]
[WhiteClock "00:45:09"]
[BlackClock "00:43:45"]
[PlyCount "75"]
[WhiteFideId "34660496"]
[BlackFideId "16288378"]
[EventCountry "GER"]
[EventRounds "9"]
[EventType "swiss"]
[EventDate "2023.05.27"]

1. e4 {[%clk 01:30:55]} {[%emt 00:00:05]} c6 {[%clk 01:30:49]} {[%emt
00:00:11]} 2. d4 {[%clk 01:31:18]} {[%emt 00:00:07]} d5 {[%clk 01:31:10]}
{[%emt 00:00:09]} 3. exd5 {[%clk 01:31:38]} {[%emt 00:00:10]} cxd5 {[%clk
01:31:18]} {[%emt 00:00:20]} 4. Bd3 {[%clk 01:31:57]} {[%emt 00:00:12]} Nc6
{[%clk 01:31:10]} {[%emt 00:00:38]} 5. c3 {[%clk 01:32:21]} {[%emt 00:00:07]}
Nf6 {[%clk 01:31:14]} {[%emt 00:00:25]} 6. h3 {[%clk 01:32:38]} {[%emt
00:00:14]} Bd7 {[%clk 01:31:09]} {[%emt 00:00:33]} 7. Bf4 {[%clk 01:32:54]}
{[%emt 00:00:15]} e6 {[%clk 01:31:11]} {[%emt 00:00:28]} 8. Nf3 {[%clk
01:33:08]} {[%emt 00:00:17]} Be7 {[%clk 01:31:07]} {[%emt 00:00:33]} 9. Nbd2
{[%clk 01:33:24]} {[%emt 00:00:14]} O-O {[%clk 01:31:02]} {[%emt 00:00:35]} 10.
O-O {[%clk 01:32:44]} {[%emt 00:01:10]} Nh5 {[%clk 01:29:11]} {[%emt 00:02:21]}
11. Bh2 {[%clk 01:31:56]} {[%emt 00:01:19]} Re8 {[%clk 01:27:31]} {[%emt
00:02:06]} 12. Ne5 {[%clk 01:30:13]} {[%emt 00:02:16]} Bd6 {[%clk 01:26:44]}
{[%emt 00:01:16]} 13. Qxh5 {[%clk 01:30:21]} {[%emt 00:00:24]} g6 {[%clk
01:26:23]} {[%emt 00:00:48]} 14. Qe2 {[%clk 01:28:56]} {[%emt 00:01:58]} Re7
{[%clk 01:23:55]} {[%emt 00:02:54]} 15. Ndf3 {[%clk 01:27:31]} {[%emt
00:01:58]} Qc7 {[%clk 01:22:52]} {[%emt 00:01:28]} 16. Nxd7 {[%clk 01:27:05]}
{[%emt 00:01:01]} Bxh2+ {[%clk 01:17:17]} {[%emt 00:06:04]} 17. Nxh2 {[%clk
01:24:15]} {[%emt 00:00:08]} Qxd7 {[%clk 01:17:10]} {[%emt 00:03:49]} 18. Ng4
{[%emt 00:02:53]} Qc7 {[%clk 01:16:12]} {[%emt 00:00:02]} 19. f4 {[%clk
01:22:12]} {[%emt 00:01:38]} Kg7 {[%clk 01:13:48]} {[%emt 00:02:51]} 20. Ne5
{[%clk 01:19:59]} {[%emt 00:02:46]} Rae8 {[%clk 01:02:58]} {[%emt 00:11:16]}
21. Qf3 {[%clk 01:15:31]} {[%emt 00:05:01]} Nd8 {[%clk 00:59:21]} {[%emt
00:04:04]} 22. Rae1 {[%clk 01:14:19]} {[%emt 00:01:45]} f6 {[%clk 00:57:30]}
{[%emt 00:02:21]} 23. Ng4 {[%clk 01:14:12]} {[%emt 00:00:37]} Nc6 {[%clk
00:57:03]} {[%emt 00:00:57]} 24. Re2 {[%clk 01:13:45]} {[%emt 00:00:58]} Rf7
{[%clk 00:57:07]} {[%emt 00:00:25]} 25. f5 {[%clk 01:08:48]} {[%emt 00:05:28]}
e5 {[%clk 00:55:28]} {[%emt 00:02:07]} 26. fxg6 {[%clk 01:08:28]} {[%emt
00:00:52]} hxg6 {[%clk 00:55:22]} {[%emt 00:00:32]} 27. Qxd5 {[%clk 01:06:22]}
{[%emt 00:02:40]} Rd8 {[%clk 00:54:29]} {[%emt 00:01:16]} 28. Qc5 {[%clk
01:03:17]} {[%emt 00:03:42]} b6 {[%clk 00:53:18]} {[%emt 00:01:40]} 29. Qa3
{[%clk 01:01:14]} {[%emt 00:02:33]} exd4 {[%clk 00:52:39]} {[%emt 00:01:08]}
30. c4 {[%clk 01:00:50]} {[%emt 00:00:55]} Na5 {[%clk 00:50:16]} {[%emt
00:02:45]} 31. b3 {[%clk 01:00:39]} {[%emt 00:00:49]} Qg3 {[%clk 00:50:04]}
{[%emt 00:00:42]} 32. Re7 {[%emt 00:02:46]} f5 {[%clk 00:47:00]} {[%emt
00:03:31]} 33. Ne5 {[%clk 00:47:24]} {[%emt 00:11:31]} Rdf8 {[%clk 00:44:16]}
{[%emt 00:03:14]} 34. Nxf7 {[%clk 00:44:21]} {[%emt 00:03:34]} Rxf7 {[%clk
00:44:10]} {[%emt 00:00:34]} 35. Rxf7+ {[%clk 00:44:38]} {[%emt 00:00:15]} Kxf7
{[%clk 00:44:19]} {[%emt 00:00:20]} 36. b4 {[%clk 00:44:41]} {[%emt 00:00:28]}
Nc6 {[%clk 00:44:05]} {[%emt 00:00:42]} 37. c5 {[%clk 00:44:51]} {[%emt
00:00:23]} Ne5 {[%clk 00:43:45]} {[%emt 00:00:48]} 38. Bc4+ {[%clk 00:45:09]}
{[%emt 00:00:13]} 1-0

[Event "ODJM C 2023"]
[Site "Willingen GER"]
[Date "2023.05.31"]
[Round "6"]
[White "Moissl, Julian"]
[Black "Schwedhelm, Dennis"]
[Result "0-1"]
[Termination "normal"]
[Board "11"]
[WhiteElo "1160"]
[BlackElo "1373"]
[WhiteClock "00:01:30"]
[BlackClock "00:05:08"]
[PlyCount "96"]
[WhiteFideId "16295129"]
[BlackFideId "16228995"]
[EventCountry "GER"]
[EventRounds "9"]
[EventType "swiss"]
[EventDate "2023.05.27"]

1. d4 {[%clk 01:30:59]} Nf6 {[%clk 01:30:29]} {[%emt 00:00:31]} 2. c4 {[%clk
01:31:16]} {[%emt 00:00:14]} g6 {[%clk 01:30:46]} {[%emt 00:00:12]} 3. Nf3
{[%clk 01:31:09]} {[%emt 00:00:36]} Bg7 {[%clk 01:30:57]} {[%emt 00:00:19]} 4.
Nc3 {[%clk 01:31:12]} {[%emt 00:00:28]} d6 {[%clk 01:31:05]} {[%emt 00:00:22]}
5. e4 {[%clk 01:30:34]} {[%emt 00:01:07]} Nbd7 {[%clk 01:31:02]} {[%emt
00:00:33]} 6. Bf4 {[%clk 01:30:01]} {[%emt 00:01:04]} c5 {[%clk 01:30:07]}
{[%emt 00:01:24]} 7. e5 {[%clk 01:26:13]} {[%emt 00:04:19]} dxe5 {[%clk
01:28:31]} {[%emt 00:02:06]} 8. dxe5 {[%clk 01:26:33]} {[%emt 00:00:10]} Ng4
{[%clk 01:27:54]} {[%emt 00:01:07]} 9. h3 {[%clk 01:26:11]} {[%emt 00:00:52]}
Ngxe5 {[%clk 01:27:45]} {[%emt 00:00:39]} 10. Nxe5 {[%clk 01:26:04]} {[%emt
00:00:37]} Nxe5 {[%clk 01:27:50]} {[%emt 00:00:25]} 11. Qxd8+ {[%clk 01:25:56]}
{[%emt 00:00:37]} Kxd8 {[%clk 01:28:08]} {[%emt 00:00:12]} 12. Rd1+ {[%clk
01:22:56]} {[%emt 00:03:31]} Nd7 {[%clk 01:25:55]} {[%emt 00:02:42]} 13. Ne4
{[%clk 01:20:45]} {[%emt 00:02:41]} Ke8 {[%clk 01:22:27]} {[%emt 00:03:57]} 14.
Rd2 {[%clk 01:15:27]} {[%emt 00:05:50]} f5 {[%clk 01:19:49]} {[%emt 00:03:07]}
15. Nc3 {[%clk 01:10:39]} {[%emt 00:05:19]} e5 {[%clk 01:14:34]} {[%emt
00:05:44]} 16. Bg3 {[%clk 01:09:01]} {[%emt 00:02:08]} a6 {[%clk 01:10:29]}
{[%emt 00:04:36]} 17. Be2 {[%clk 01:07:17]} {[%emt 00:02:14]} Kf7 {[%clk
00:59:44]} {[%emt 00:11:15]} 18. O-O {[%clk 01:05:56]} {[%emt 00:01:51]} e4
{[%clk 00:51:37]} {[%emt 00:08:37]} 19. Nd5 {[%clk 01:01:51]} {[%emt 00:04:35]}
Bd4 {[%clk 00:48:46]} {[%emt 00:03:20]} 20. Rfd1 {[%clk 00:58:10]} {[%emt
00:04:11]} b6 {[%clk 00:41:40]} {[%emt 00:07:37]} 21. Nc3 {[%clk 00:53:29]}
{[%emt 00:05:11]} Rd8 {[%emt 00:07:52]} 22. Bc7 {[%clk 00:51:21]} {[%emt
00:02:27]} Re8 {[%clk 00:33:42]} {[%emt 00:01:16]} 23. Nd5 {[%clk 00:42:48]}
{[%emt 00:09:03]} Re6 {[%clk 00:28:20]} {[%emt 00:05:51]} 24. Bf4 {[%clk
00:39:45]} {[%emt 00:03:33]} Ra7 {[%clk 00:25:06]} {[%emt 00:03:45]} 25. Nc7
{[%clk 00:38:15]} {[%emt 00:02:00]} Rxc7 {[%clk 00:25:21]} {[%emt 00:00:15]}
26. Bxc7 {[%clk 00:37:09]} {[%emt 00:01:36]} Bxf2+ {[%clk 00:25:19]} {[%emt
00:00:31]} 27. Kf1 {[%clk 00:34:52]} {[%emt 00:02:48]} Bd4 {[%clk 00:25:24]}
{[%emt 00:00:25]} 28. b3 {[%clk 00:33:20]} {[%emt 00:02:02]} Bb7 {[%clk
00:23:45]} {[%emt 00:02:08]} 29. Bf4 {[%clk 00:28:30]} {[%emt 00:05:19]} Kf6
{[%clk 00:22:07]} {[%emt 00:02:08]} 30. h4 {[%clk 00:27:03]} {[%emt 00:01:57]}
Ne5 {[%clk 00:20:19]} {[%emt 00:02:18]} 31. Bg5+ {[%clk 00:24:24]} {[%emt
00:03:10]} Kg7 {[%clk 00:19:52]} {[%emt 00:00:56]} 32. a3 {[%clk 00:22:32]}
{[%emt 00:02:23]} h6 {[%clk 00:19:45]} {[%emt 00:00:37]} 33. Bf4 {[%clk
00:22:39]} {[%emt 00:00:23]} Nf7 {[%clk 00:19:40]} {[%emt 00:00:34]} 34. h5
{[%clk 00:19:39]} {[%emt 00:03:30]} g5 {[%clk 00:19:17]} {[%emt 00:00:54]} 35.
Bh2 {[%clk 00:18:57]} {[%emt 00:01:12]} e3 {[%clk 00:17:25]} {[%emt 00:02:21]}
36. Rd3 {[%clk 00:17:40]} {[%emt 00:01:48]} Be4 {[%emt 00:02:43]} 37. Rxd4
{[%clk 00:16:45]} cxd4 {[%clk 00:16:57]} {[%emt 00:00:09]} 38. Rxd4 {[%clk
00:17:10]} {[%emt 00:00:05]} f4 {[%clk 00:16:41]} {[%emt 00:00:45]} 39. b4
{[%clk 00:16:29]} {[%emt 00:01:11]} Kf6 {[%clk 00:15:38]} {[%emt 00:01:34]} 40.
c5 {[%clk 00:15:51]} {[%emt 00:01:08]} b5 {[%clk 00:12:54]} {[%emt 00:03:14]}
41. Rd1 {[%clk 00:12:54]} {[%emt 00:03:27]} Ne5 {[%clk 00:11:38]} {[%emt
00:01:45]} 42. Rd4 {[%clk 00:07:51]} {[%emt 00:05:33]} Nc6 {[%clk 00:07:51]}
{[%emt 00:04:17]} 43. Rd7 {[%clk 00:05:54]} {[%emt 00:02:27]} Kf5 {[%clk
00:07:17]} {[%emt 00:01:04]} 44. Rd1 {[%clk 00:05:18]} {[%emt 00:01:07]} g4
{[%clk 00:06:56]} {[%emt 00:00:51]} 45. Rd7 {[%clk 00:03:24]} {[%emt 00:02:23]}
Ne5 {[%clk 00:05:49]} {[%emt 00:01:36]} 46. Rd8 {[%clk 00:02:13]} {[%emt
00:01:42]} f3 {[%clk 00:05:24]} {[%emt 00:00:56]} 47. gxf3 {[%clk 00:01:46]}
{[%emt 00:00:57]} gxf3 {[%clk 00:05:33]} {[%emt 00:00:20]} 48. Rf8+ {[%clk
00:01:30]} {[%emt 00:00:47]} Rf6 {[%clk 00:05:08]} {[%emt 00:00:54]} 0-1

[Event "ODJM C 2023"]
[Site "Willingen GER"]
[Date "2023.05.31"]
[Round "6"]
[White "Bücker, Phil"]
[Black "Vöcking, Laura"]
[Result "1-0"]
[Termination "normal"]
[Board "12"]
[WhiteElo "1325"]
[BlackElo "1282"]
[WhiteClock "00:03:27"]
[BlackClock "00:06:47"]
[PlyCount "73"]
[WhiteFideId "34623841"]
[BlackFideId "16287630"]
[EventCountry "GER"]
[EventRounds "9"]
[EventType "swiss"]
[EventDate "2023.05.27"]

1. d4 {[%clk 01:30:59]} {[%emt 00:00:01]} f5 {[%clk 01:30:52]} {[%emt
00:00:09]} 2. Bf4 {[%clk 01:31:05]} {[%emt 00:00:23]} g6 {[%clk 01:30:26]}
{[%emt 00:00:56]} 3. Nc3 {[%clk 01:29:44]} {[%emt 00:01:51]} Bg7 {[%clk
01:30:29]} {[%emt 00:00:27]} 4. e3 {[%clk 01:27:03]} {[%emt 00:03:11]} Nf6
{[%clk 01:29:41]} {[%emt 00:01:18]} 5. Bd3 {[%clk 01:23:20]} {[%emt 00:04:13]}
O-O {[%clk 01:29:18]} {[%emt 00:00:52]} 6. Qd2 {[%clk 01:20:16]} {[%emt
00:03:35]} Re8 {[%clk 01:26:52]} {[%emt 00:02:57]} 7. O-O-O {[%clk 01:18:13]}
{[%emt 00:02:32]} d6 {[%clk 01:24:38]} {[%emt 00:02:44]} 8. e4 {[%clk
01:13:22]} {[%emt 00:05:20]} e6 {[%clk 01:20:29]} {[%emt 00:04:39]} 9. Bh6
{[%clk 01:06:47]} {[%emt 00:07:05]} Bh8 {[%clk 01:17:05]} {[%emt 00:03:54]} 10.
f3 {[%clk 01:00:22]} {[%emt 00:06:55]} Nc6 {[%clk 01:14:32]} {[%emt 00:03:04]}
11. exf5 {[%clk 00:50:04]} {[%emt 00:10:48]} exf5 {[%clk 01:07:20]} {[%emt
00:07:42]} 12. Bc4+ {[%clk 00:47:21]} {[%emt 00:03:13]} Be6 {[%clk 01:06:32]}
{[%emt 00:01:18]} 13. Bxe6+ {[%clk 00:45:51]} {[%emt 00:02:00]} Rxe6 {[%clk
00:57:39]} {[%emt 00:09:22]} 14. d5 {[%clk 00:43:38]} {[%emt 00:02:43]} Re8
{[%clk 00:56:01]} {[%emt 00:02:09]} 15. dxc6 {[%clk 00:44:00]} {[%emt
00:00:08]} bxc6 {[%clk 00:56:15]} {[%emt 00:00:15]} 16. Re1 {[%clk 00:42:25]}
{[%emt 00:02:05]} Rb8 {[%clk 00:54:15]} {[%emt 00:02:30]} 17. Nh3 {[%clk
00:38:25]} {[%emt 00:04:31]} Qd7 {[%clk 00:47:18]} {[%emt 00:07:27]} 18. Nf4
{[%clk 00:22:23]} {[%emt 00:16:31]} Bg7 {[%clk 00:43:30]} {[%emt 00:04:19]} 19.
Bxg7 {[%clk 00:20:08]} {[%emt 00:02:45]} Kxg7 {[%clk 00:42:40]} {[%emt
00:01:20]} 20. Rxe8 {[%clk 00:17:33]} {[%emt 00:03:04]} Rxe8 {[%clk 00:42:15]}
{[%emt 00:00:55]} 21. Re1 {[%clk 00:17:48]} {[%emt 00:00:14]} Rb8 {[%clk
00:37:48]} {[%emt 00:04:57]} 22. Qe2 {[%clk 00:16:58]} {[%emt 00:01:20]} Re8
{[%clk 00:36:04]} {[%emt 00:02:15]} 23. Qd1 {[%clk 00:17:12]} {[%emt 00:00:15]}
Rb8 {[%clk 00:34:09]} {[%emt 00:02:25]} 24. h3 {[%clk 00:16:31]} {[%emt
00:01:11]} g5 {[%clk 00:30:36]} {[%emt 00:04:03]} 25. Ne6+ {[%clk 00:13:07]}
{[%emt 00:03:54]} Kg6 {[%clk 00:29:14]} {[%emt 00:01:53]} 26. Qd2 {[%clk
00:12:29]} {[%emt 00:01:08]} h6 {[%clk 00:25:56]} {[%emt 00:03:48]} 27. f4
{[%clk 00:09:18]} {[%emt 00:03:42]} Nh7 {[%clk 00:22:32]} {[%emt 00:03:53]} 28.
fxg5 {[%clk 00:08:28]} {[%emt 00:01:19]} hxg5 {[%clk 00:22:11]} {[%emt
00:00:53]} 29. Nd4 {[%clk 00:06:35]} {[%emt 00:02:22]} Nf8 {[%clk 00:20:54]}
{[%emt 00:01:48]} 30. Nf3 {[%clk 00:05:46]} {[%emt 00:01:19]} Ne6 {[%clk
00:20:25]} {[%emt 00:00:58]} 31. g4 {[%clk 00:04:37]} {[%emt 00:01:40]} fxg4
{[%clk 00:16:11]} {[%emt 00:04:43]} 32. hxg4 {[%clk 00:05:01]} {[%emt
00:00:07]} Nf4 {[%clk 00:15:21]} {[%emt 00:01:20]} 33. Nh4+ {[%clk 00:04:00]}
{[%emt 00:01:30]} gxh4 {[%clk 00:10:39]} {[%emt 00:05:13]} 34. Qxf4 {[%clk
00:04:21]} {[%emt 00:00:09]} Kg7 {[%clk 00:09:28]} {[%emt 00:01:40]} 35. Qg5+
{[%clk 00:04:30]} {[%emt 00:00:22]} Kf7 {[%clk 00:07:28]} {[%emt 00:02:29]} 36.
Rf1+ {[%clk 00:04:08]} {[%emt 00:00:52]} Ke6 {[%clk 00:06:47]} {[%emt
00:01:12]} 37. Qe3# {[%clk 00:03:27]} {[%emt 00:00:37]} 1-0

[Event "ODJM C 2023"]
[Site "Willingen GER"]
[Date "2023.05.31"]
[Round "6"]
[White "Franke, Leonhard"]
[Black "Wissing, Lars"]
[Result "1-0"]
[Termination "normal"]
[Board "13"]
[WhiteElo "1348"]
[BlackElo "1128"]
[WhiteClock "00:54:13"]
[BlackClock "00:28:23"]
[PlyCount "59"]
[WhiteFideId "34644806"]
[BlackFideId "34660593"]
[EventCountry "GER"]
[EventRounds "9"]
[EventType "swiss"]
[EventDate "2023.05.27"]

1. e4 {[%clk 01:30:59]} c6 {[%clk 01:30:55]} {[%emt 00:00:04]} 2. d4 {[%clk
01:31:23]} {[%emt 00:00:06]} d5 {[%clk 01:31:18]} {[%emt 00:00:07]} 3. exd5
{[%clk 01:31:50]} {[%emt 00:00:04]} cxd5 {[%clk 01:31:43]} {[%emt 00:00:06]} 4.
Bd3 {[%clk 01:32:13]} {[%emt 00:00:06]} Nc6 {[%clk 01:32:04]} {[%emt 00:00:09]}
5. c3 {[%clk 01:32:40]} {[%emt 00:00:04]} Nf6 {[%clk 01:32:24]} {[%emt
00:00:09]} 6. Bf4 {[%clk 01:32:35]} {[%emt 00:00:35]} g6 {[%clk 01:32:29]}
{[%emt 00:00:25]} 7. Nf3 {[%clk 01:32:13]} {[%emt 00:00:52]} Bf5 {[%clk
01:32:23]} {[%emt 00:00:35]} 8. Be2 {[%clk 01:31:06]} {[%emt 00:01:38]} Bg7
{[%clk 01:32:05]} {[%emt 00:00:48]} 9. h3 {[%clk 01:29:47]} {[%emt 00:01:50]}
O-O {[%clk 01:32:04]} {[%emt 00:00:30]} 10. O-O {[%clk 01:29:56]} {[%emt
00:00:21]} e6 {[%clk 01:31:23]} {[%emt 00:01:11]} 11. Nbd2 {[%clk 01:29:40]}
{[%emt 00:00:46]} Qb6 {[%clk 01:29:29]} {[%emt 00:02:23]} 12. b3 {[%clk
01:29:08]} {[%emt 00:01:04]} Ne4 {[%clk 01:29:14]} {[%emt 00:00:44]} 13. Nxe4
{[%clk 01:28:26]} {[%emt 00:01:13]} Bxe4 {[%clk 01:29:32]} {[%emt 00:00:12]}
14. Ng5 {[%clk 01:28:34]} {[%emt 00:00:23]} Nxd4 {[%clk 01:18:32]} {[%emt
00:11:30]} 15. cxd4 {[%clk 01:25:47]} {[%emt 00:03:17]} Bxd4 {[%clk 01:17:55]}
{[%emt 00:01:04]} 16. Rc1 {[%clk 01:25:41]} {[%emt 00:00:39]} Bb2 {[%clk
01:17:10]} {[%emt 00:01:13]} 17. Bc7 {[%clk 01:19:56]} {[%emt 00:06:17]} Qb4
{[%clk 01:11:43]} {[%emt 00:05:54]} 18. Nxe4 {[%clk 01:18:26]} {[%emt
00:02:03]} Bxc1 {[%clk 01:09:50]} {[%emt 00:02:23]} 19. Nf6+ {[%clk 01:18:11]}
{[%emt 00:00:44]} Kg7 {[%clk 01:07:55]} {[%emt 00:02:24]} 20. Be5 {[%clk
01:18:21]} {[%emt 00:00:21]} Qa5 {[%clk 01:01:16]} {[%emt 00:07:08]} 21. Qxc1
{[%clk 01:17:36]} {[%emt 00:01:16]} d4 {[%clk 00:57:02]} {[%emt 00:04:44]} 22.
Nd7+ {[%clk 01:12:05]} {[%emt 00:06:01]} f6 {[%clk 00:49:55]} {[%emt 00:07:36]}
23. Nxf8 {[%clk 01:11:42]} {[%emt 00:00:54]} Qxe5 {[%clk 00:49:57]} {[%emt
00:00:27]} 24. Nxe6+ {[%clk 01:10:28]} {[%emt 00:01:45]} Qxe6 {[%clk 00:49:32]}
{[%emt 00:00:56]} 25. Qc7+ {[%clk 01:08:10]} {[%emt 00:02:47]} Kh8 {[%clk
00:46:05]} {[%emt 00:03:56]} 26. Bd3 {[%clk 01:06:56]} {[%emt 00:01:46]} Rc8
{[%clk 00:44:15]} {[%emt 00:02:14]} 27. Bc4 {[%emt 00:04:21]} Qxh3 {[%clk
00:32:49]} {[%emt 00:10:28]} 28. Qf4 {[%clk 00:57:40]} {[%emt 00:07:28]} Qd7
{[%clk 00:30:00]} {[%emt 00:03:17]} 29. Rd1 {[%clk 00:53:55]} {[%emt 00:04:17]}
Rd8 {[%clk 00:28:23]} {[%emt 00:02:07]} 30. Qxf6+ {[%clk 00:54:13]} {[%emt
00:00:12]} 0-1

[Event "ODJM C 2023"]
[Site "Willingen GER"]
[Date "2023.05.31"]
[Round "6"]
[White "Neininger, Pascal"]
[Black "Meyer, Henry Paul"]
[Result "0-1"]
[Termination "normal"]
[Board "14"]
[WhiteElo "1156"]
[BlackElo "1337"]
[WhiteClock "00:26:38"]
[BlackClock "00:07:14"]
[PlyCount "108"]
[WhiteFideId "34640860"]
[BlackFideId "34645802"]
[EventCountry "GER"]
[EventRounds "9"]
[EventType "swiss"]
[EventDate "2023.05.27"]

1. e4 {[%clk 01:30:57]} {[%emt 00:00:03]} c5 {[%clk 01:30:53]} {[%emt
00:00:06]} 2. Nc3 {[%clk 01:31:21]} {[%emt 00:00:07]} e6 {[%clk 01:30:22]}
{[%emt 00:01:01]} 3. g3 {[%clk 01:31:05]} {[%emt 00:00:45]} Ne7 {[%clk
01:29:47]} {[%emt 00:01:04]} 4. Bg2 {[%clk 01:29:40]} {[%emt 00:01:57]} d5
{[%clk 01:29:09]} {[%emt 00:01:07]} 5. exd5 {[%clk 01:26:02]} {[%emt 00:04:09]}
exd5 {[%clk 01:28:52]} {[%emt 00:00:47]} 6. d3 {[%clk 01:25:28]} {[%emt
00:01:03]} Be6 {[%clk 01:27:16]} {[%emt 00:02:06]} 7. Nge2 {[%clk 01:24:55]}
{[%emt 00:01:04]} Ng6 {[%clk 01:24:16]} {[%emt 00:03:29]} 8. O-O {[%clk
01:22:28]} {[%emt 00:02:58]} Nc6 {[%clk 01:22:29]} {[%emt 00:02:17]} 9. Nf4
{[%clk 01:20:48]} {[%emt 00:02:10]} Nxf4 {[%clk 01:21:53]} {[%emt 00:01:05]}
10. Bxf4 {[%clk 01:20:48]} {[%emt 00:00:31]} Be7 {[%clk 01:21:06]} {[%emt
00:01:17]} 11. Re1 {[%clk 01:18:01]} {[%emt 00:03:17]} O-O {[%clk 01:21:02]}
{[%emt 00:00:34]} 12. Qe2 {[%clk 01:12:53]} {[%emt 00:05:38]} Re8 {[%clk
01:17:28]} {[%emt 00:04:04]} 13. h3 {[%clk 01:11:29]} {[%emt 00:01:53]} Qd7
{[%clk 01:14:58]} {[%emt 00:03:01]} 14. Kh2 {[%clk 01:11:15]} {[%emt 00:00:43]}
a6 {[%clk 01:12:03]} {[%emt 00:03:26]} 15. Qh5 {[%clk 01:06:56]} {[%emt
00:04:48]} Rad8 {[%clk 01:09:57]} {[%emt 00:02:35]} 16. Bg5 {[%clk 00:59:09]}
{[%emt 00:08:19]} Bxg5 {[%clk 00:59:46]} {[%emt 00:10:41]} 17. Qxg5 {[%clk
00:59:23]} {[%emt 00:00:15]} Nb4 {[%clk 00:51:07]} {[%emt 00:09:08]} 18. Re2
{[%clk 00:56:22]} {[%emt 00:03:31]} b6 {[%clk 00:47:02]} {[%emt 00:04:35]} 19.
a3 {[%clk 00:54:40]} {[%emt 00:02:13]} d4 {[%clk 00:46:16]} {[%emt 00:01:16]}
20. Ne4 {[%clk 00:52:53]} {[%emt 00:02:17]} Nd5 {[%clk 00:45:14]} {[%emt
00:01:31]} 21. Qh4 {[%clk 00:48:24]} {[%emt 00:04:54]} f6 {[%clk 00:43:07]}
{[%emt 00:02:42]} 22. Nd2 {[%clk 00:45:45]} {[%emt 00:03:10]} Bf7 {[%clk
00:41:38]} {[%emt 00:01:59]} 23. Re4 {[%clk 00:41:48]} {[%emt 00:04:27]} Bg6
{[%clk 00:36:30]} {[%emt 00:05:38]} 24. Rxe8+ {[%clk 00:39:36]} {[%emt
00:02:42]} Rxe8 {[%clk 00:34:04]} {[%emt 00:02:56]} 25. Bf3 {[%clk 00:37:37]}
{[%emt 00:02:28]} Qf5 {[%clk 00:28:17]} {[%emt 00:06:15]} 26. Bxd5+ {[%clk
00:35:07]} {[%emt 00:03:02]} Qxd5 {[%clk 00:28:28]} {[%emt 00:00:19]} 27. Qf4
{[%clk 00:31:52]} {[%emt 00:03:45]} Re2 {[%clk 00:24:37]} {[%emt 00:04:19]} 28.
Kg1 {[%clk 00:30:34]} {[%emt 00:01:48]} h6 {[%clk 00:17:28]} {[%emt 00:07:41]}
29. Rc1 {[%clk 00:29:20]} {[%emt 00:01:42]} Qf5 {[%clk 00:14:29]} {[%emt
00:03:30]} 30. Qxf5 {[%emt 00:01:02]} Bxf5 {[%clk 00:14:57]} 31. g4 {[%clk
00:29:06]} {[%emt 00:00:14]} Bg6 {[%clk 00:12:45]} {[%emt 00:02:42]} 32. Nc4
{[%clk 00:28:14]} {[%emt 00:01:21]} Re6 {[%clk 00:12:38]} {[%emt 00:00:36]} 33.
b4 {[%clk 00:27:08]} {[%emt 00:01:38]} b5 {[%clk 00:11:12]} {[%emt 00:01:55]}
34. Na5 {[%clk 00:26:38]} {[%emt 00:01:01]} c4 {[%clk 00:10:10]} {[%emt
00:01:31]} 35. dxc4 {[%clk 00:26:10]} {[%emt 00:00:58]} bxc4 {[%clk 00:10:39]}
{[%emt 00:00:02]} 36. Nxc4 {[%clk 00:25:51]} {[%emt 00:00:49]} Rc6 {[%clk
00:11:08]} 37. Nb2 {[%clk 00:25:34]} {[%emt 00:00:46]} Rxc2 {[%clk 00:11:00]}
{[%emt 00:00:38]} 38. Rxc2 {[%clk 00:25:35]} {[%emt 00:00:30]} Bxc2 {[%clk
00:11:27]} {[%emt 00:00:03]} 39. Kf1 {[%clk 00:25:48]} {[%emt 00:00:16]} f5
{[%clk 00:11:06]} {[%emt 00:00:52]} 40. a4 {[%clk 00:25:53]} {[%emt 00:00:25]}
fxg4 {[%clk 00:11:08]} {[%emt 00:00:28]} 41. hxg4 {[%clk 00:26:13]} {[%emt
00:00:10]} Kf7 {[%clk 00:10:52]} {[%emt 00:00:46]} 42. b5 {[%clk 00:26:09]}
{[%emt 00:00:35]} axb5 {[%clk 00:10:32]} {[%emt 00:00:49]} 43. a5 {[%clk
00:26:28]} {[%emt 00:00:11]} Be4 {[%clk 00:10:34]} {[%emt 00:00:28]} 44. Ke2
{[%clk 00:25:51]} {[%emt 00:01:08]} Ke7 {[%clk 00:09:49]} {[%emt 00:01:14]} 45.
Nd3 {[%clk 00:25:52]} {[%emt 00:00:30]} Kd6 {[%clk 00:09:24]} {[%emt 00:00:54]}
46. f3 {[%clk 00:25:58]} {[%emt 00:00:24]} Bd5 {[%clk 00:09:27]} {[%emt
00:00:27]} 47. Nb4 {[%clk 00:26:16]} {[%emt 00:00:14]} Bc4+ {[%clk 00:09:20]}
{[%emt 00:00:35]} 48. Kd2 {[%clk 00:26:24]} {[%emt 00:00:23]} g6 {[%clk
00:08:14]} {[%emt 00:01:36]} 49. Nc2 {[%clk 00:25:31]} {[%emt 00:01:23]} d3
{[%clk 00:07:21]} {[%emt 00:01:23]} 50. Nb4 {[%clk 00:25:27]} {[%emt 00:00:34]}
h5 {[%clk 00:06:35]} {[%emt 00:01:15]} 51. Nxd3 {[%clk 00:25:36]} {[%emt
00:00:21]} Bxd3 {[%clk 00:06:20]} {[%emt 00:00:45]} 52. Kxd3 {[%clk 00:26:01]}
{[%emt 00:00:05]} h4 {[%clk 00:06:36]} {[%emt 00:00:14]} 53. a6 {[%clk
00:26:24]} {[%emt 00:00:08]} Kc6 {[%clk 00:06:56]} {[%emt 00:00:09]} 54. Ke2
{[%clk 00:26:38]} {[%emt 00:00:16]} b4 {[%clk 00:07:14]} {[%emt 00:00:13]} 0-1